И в одиночестве, и вместе... (Запись № 1696670)

Подробности
000 -МАРКЕР
контрольное поле 01497nam0a2200337 4500
001 - ИДЕНТИФИКАТОР ЗАПИСИ
контрольное поле RU\NLR\bibl\898903
005 - ИДЕНТИФИКАТОР ВЕРСИИ
контрольное поле 20260406025741.0
010 ## - МЕЖДУНАРОДНЫЙ СТАНДАРТНЫЙ НОМЕР КНИГИ (ISBN)
Номер (ISBN) 5-352-01542-4
Тираж 4000
035 ## - ДРУГИЕ СИСТЕМНЫЕ НОМЕРА
Идентификатор записи (NLR Aleph) 000887354
100 ## - ДАННЫЕ ОБЩЕЙ ОБРАБОТКИ
Данные общей обработки 20060121d2005 |||y0rusy50 ca
101 1# - ЯЗЫК РЕСУРСА
Язык текста, звукозаписи и т.д. русский
-- английский
102 ## - СТРАНА ПУБЛИКАЦИИ ИЛИ ПРОИЗВОДСТВА
Страна публикации российская федерация
105 ## - ПОЛЕ КОДИРОВАННЫХ ДАННЫХ: ТЕКСТОВЫЕ МАТЕРИАЛЫ, МОНОГРАФИЧЕСКИЕ
Кодированные данные о монографическом текстовом документе y |||||||||
200 1# - ЗАГЛАВИЕ И СВЕДЕНИЯ ОБ ОТВЕТСТВЕННОСТИ
Основное заглавие И в одиночестве, и вместе...
Параллельное заглавие In solitude, for company...
Сведения, относящиеся к заглавию семь английских поэтов XX века
Первые сведения об ответственности [В. Шестаков, сост., ст., пер. с англ.]
Язык параллельного заглавия английский
210 ## - ПУБЛИКАЦИЯ, РАСПРОСТРАНЕНИЕ И ДР.
Место издания, распространения и т.д. Санкт-Петербург
Имя издателя, распространителя и т. д. Азбука-классика
Дата издания, распространения и т.д. 2005
215 ## - ФИЗИЧЕСКАЯ ХАРАКТЕРИСТИКА
Специфическое обозначение материала и объем 302,[1] с.
Размеры 18
225 1# - СЕРИЯ
Основное заглавие серии Bilingua
225 1# - СЕРИЯ
Основное заглавие серии Азбука-классика
300 ## - ОБЩИЕ ПРИМЕЧАНИЯ
Текст примечания Текст парал. на рус. и англ. яз.
320 ## - ПРИМЕЧАНИЯ О НАЛИЧИИ В ДОКУМЕНТЕ БИБЛИОГРАФИИ / УКАЗАТЕЛЯ
Текст примечания Библиогр. в подстроч. прим.
327 1# - ПРИМЕЧАНИЯ О СОДЕРЖАНИИ
Текст примечания Содерж.: авторы: Руперт Брук, Уильям Батлер Йейтс, Джон Бетчемен, Уистен Хью Оден, Дилан Томас, Чарльз Коусли, Дженни Джозеф
510 1# - ПАРАЛЛЕЛЬНОЕ ЗАГЛАВИЕ
Параллельное заглавие In solitude, for company...
Язык заглавия английский
686 ## - ИНДЕКСЫ ДРУГИХ КЛАССИФИКАЦИЙ
Индекс Ш6(4Вл)07-5я43{Лх1290-175сб}
702 #1 - ИМЯ ЛИЦА - ВТОРИЧНАЯ ОТВЕТСТВЕННОСТЬ
Код отношения Составитель
Материалы, к которым относится поле rus
Графика поля Кириллица
Начальный элемент ввода Шестаков
Часть имени, кроме начального элемента ввода В.П.
Даты 1935-
Расширение инициалов личного имени Вячеслав Павлович
Идентификатор авторитетной/нормативной записи RU\NLR\auth\77212
Системный номер авторитетной/нормативной записи 110276
801 #0 - ИСТОЧНИК ЗАПИСИ
Страна российская федерация
Организация NLR
Дата составления 20060121
Правила каталогизации rcr
801 #1 - ИСТОЧНИК ЗАПИСИ
Страна российская федерация
Организация NLR
Дата составления 20060121
830 ## - ОБЩЕЕ ПРИМЕЧАНИЕ, СОСТАВЛЕННОЕ КАТАЛОГИЗАТОРОМ
Текст примечания Авт. по кн
942 ## - ДОПОЛНИТЕЛЬНЫЕ ЭЛЕМЕНТЫ ЗАПИСИ (АБИС)
Тип экземпляра АБИС Книга
980 ## - КОЛЛЕКЦИЯ
Название коллекции Национальная библиография
Экземпляры
Тип экземпляра Дата поступления Источник поступления Библиотека постоянного хранения Библиотека текущего хранения Место хранения Шифр хранения Штрих-код Статус не для выдачи
Книга 21.01.2006 Покупка РНБ (Московский) РНБ (Московский) Русский книжный фонд: издания с 1957 года, 3этаж 2006-3/1446 1-512185  
Книга 21.01.2006 Подсобные фонды РНБ РНБ (Московский) РНБ (Московский) Фонд общего зала литературы по филологии, педагогике и искусству (гуманитарной литературы)   2099380